| 000 | 00623nam a22002172 4500 | ||
|---|---|---|---|
| 001 | 0000021325 | ||
| 005 | 20151217152229.0 | ||
| 008 | 120314s xx 000 0 eng d | ||
| 020 | _a0070648557 : | ||
| 040 |
_aKABU _cKABU |
||
| 100 | 1 |
_aSubramanya, K. _@0000182142 |
|
| 245 | 1 | 0 |
_aEngineering hydrlogy / _cK. Subramanya. |
| 250 | _a3rd ed. | ||
| 260 |
_aNew Delhi : _bTata McGraw-Hill, _c2008. |
||
| 300 | _axvi, 434 p. | ||
| 650 | 0 |
_aHydraulic engineering. _@0000039549 |
|
| 650 | 0 |
_aHydrology. _@0000169959 |
|
| 852 | 1 | _9p5680 KES | |
| 908 | _a120314 | ||
| 950 | _@1 | ||
| 999 |
_c9640 _d9640 |
||